000 00920cam a22003017a 4500
003 CHAP
005 20220329135805.0
008 971013s1972 r 00010 d
010 _a42231
011 _a43203
035 _a47339
040 _cCHAP
090 _aFolleto 2181
110 _aE.U.A. Department of Agriculture
_934876
245 1 3 _aEl nemátodo quiste del frijol soya
260 _aMéxico, D. F. :
_bCentro Regional de Ayuda Técnica,
_c1972
300 _a6 p.
_b: ilus.
490 0 _aPA
_v; 333
590 _aBATCH-UPD
_b10
_c20130110
_lUCH01
_h2136
590 _aBATCH-UPD
_b10
_c20130410
_lUCH01
_h1445
590 _aBATCH-UPD
_b10
_c20130914
_lUCH01
_h2032
590 _aCONVERSION
_b10
_c20130109
_lUCH01
_h1323
650 1 4 _aSoya
_xEnfermedades por nemátodos.
_9109046
830 0 _aPA
_v; 333
_984502
901 _aBK
942 _cFOLL
949 _aFolleto 2181
_bBC
_cFOLL
_d-107623
_eTS1
_i47339
_mD
_si
999 _c42231
_d42231